Score 0/46 Timer 10:00
0 Plays Today
Version Team % Correct
Apprentice - UKSynergy
46.3%
Apprentice - USASynergy
46.3%
Apprentice - UKApollo
41.6%
Apprentice - UKAlpha
24.3%
Apprentice - USAProtégé
22.4%
Apprentice - USAApex
21.5%
Apprentice - USAMagna
17.8%
Apprentice - UKEmpire
16.8%
Apprentice - USAMosaic
16.8%
Apprentice - UKVelocity
15.4%
Apprentice - UKEclipse
15.4%
Apprentice - UKIgnite
15%
Apprentice - USANet Worth
14.5%
Apprentice - USAExcel
14.5%
Apprentice - UKRenaissance
14%
Apprentice - USAKinetic
14%
Apprentice - UKImpact
13.6%
Apprentice - UKStealth
13.6%
Apprentice - UKInvicta
13.1%
Apprentice - UKFirst Forte
12.6%
Apprentice - USAArrow
12.6%
Apprentice - USA (Celeb/MS)Hydra
12.6%
Apprentice - USA (Celeb/MS)Athena
12.1%
Version Team % Correct
Apprentice - New ZealandAthena
12.1%
Apprentice - USA (Celeb/MS)KOTU
11.2%
Apprentice - IrelandPhoenix
11.2%
Apprentice - UKRevolution
10.7%
Apprentice - USAGold Rush
10.7%
Apprentice - UKInstinct
10.3%
Apprentice - USACapital Edge
10.3%
Apprentice - USAOctane
10.3%
Apprentice - USA (Celeb/MS)Tenacity
9.3%
Apprentice - USA (Celeb/MS)Rocksolid
8.9%
Apprentice - USAFortitude
8.9%
Apprentice - USA (Celeb/MS)Empresario
7.9%
Apprentice - IrelandFusion
7.5%
Apprentice - IrelandDynamo
5.1%
Apprentice - AustraliaPinnacle
5.1%
Apprentice - USA (Celeb/MS)Matchstick
4.7%
Apprentice - IrelandElev8
4.7%
Apprentice - New ZealandNumber 8
4.7%
Apprentice - USA (Celeb/MS)Primarius
4.2%
Apprentice - IrelandPlatinum
4.2%
Apprentice - IrelandCúchulainn
4.2%
Apprentice - AustraliaEventus
3.7%
Apprentice - USAVersocorp
2.3%
Remove Ads.
Support Sporcle.
Get the best of Sporcle when you Go Orange. This ad-free experience offers more features, more stats, and more fun while also helping to support Sporcle. Thank you for becoming a member.

You're not logged in!

Compare scores with friends on all Sporcle quizzes.
OR
Log In

Show Comments

Extras

Top Quizzes Today


Score Distribution

Your Account Isn't Verified!

In order to create a playlist on Sporcle, you need to verify the email address you used during registration. Go to your Sporcle Settings to finish the process.

Report this User

Report this user for behavior that violates our Community Guidelines.

Details: